| 000 | 01507nam0a22002771 4500 | ||
|---|---|---|---|
| 001 | rc\4445958 | ||
| 005 | 20260408021003.0 | ||
| 021 |
_aRU _b[64-35603] |
||
| 035 | _a(NLR Aleph) 008583524 | ||
| 090 |
_a8599922 _c8599922 |
||
| 100 | _a20130416d1964 |||y0rusy50 ca | ||
| 101 | 0 | _arus | |
| 102 | _aRU | ||
| 105 | _aa z ||||| | ||
| 200 | 1 |
_aИнструкция по монтажу трубопроводов из углеродистых и низколегированных сталей _eУтв. 19/IX 1963 г. _fГос. производ. ком. по энергетике и электрификации СССР. Техн. упр. по строительству электростанций и сетей. Всесоюз. ин-т по проектированию организации энергет. строительств "Оргэнергострой". Моск. филиал |
|
| 210 |
_aМосква _cОргэнергострой _d1964 |
||
| 215 |
_a149 с. _cчерт. _d20 |
||
| 300 | _aНа обороте тит. л. сост.: инж. И.В. Каменицкая | ||
| 606 |
_aТрубопроводы стальные _xМонтаж _2psbo |
||
| 702 | 1 |
_aКаменицкая _bИ.В. _4220 |
|
| 712 | 0 | 1 |
_aСССР _bТехническое управление по строительству электростанций и сетей _3RU\NLR\AUTH\8810180694 _9857810 |
| 801 | 0 |
_aRU _bNLR _gpsbo |
|
| 801 | 1 |
_aRU _bELAR _2rusmarc |
|
| 852 |
_aNLR _j64-3/3098 |
||
| 942 | _cBOOK | ||
| 980 | _aNB | ||